Airliners of Singapore Airlines - Statistics

General Stats
  • This quiz has been taken 30 times
  • The average score is 4 of 7
Answer Stats
Hint Answer % Correct
Airbus A350-900
93%
Airbus A380-800
93%
Boeing 737-800 NG
71%
Boeing 777-300ER
71%
Boeing 737-8 MAX
68%
Airbus A350-900ULR
36%
Boeing 787-10 Dreamliner
11%
No matching quizzes found
Score Distribution
Percent of People with Each Score
Percentile by Number Answered
Your Score History
You have not taken this quiz